000 01061cam a2200181ua 4500
003 OSt
008 220205b ||||| |||| 00| 0 eng d
020 _a8121921287
082 _a631.587
_bSHA/IR
100 _aSharma, R K;.
245 _aIrrigation Engineering (Including Hydrology) /
250 _a3 /
260 _aNew Delhi :
_bS.Chand and Co ,
_c2007.
300 _a ; .
505 _a Part I : Irrigation Principles and practices 1 Irrigation 2 Irrigation Water Requirement and Crops 3 Irrigation System 4 Methods of Irrigation 5 Unlined Channels 6 Lined Canals 7 Drainage Engineering Part II : river Engineering 1 River Mechanics 2 River Training 3 Headworks 4 Control Structures 5 Cross Drainage Works 6 Bridges and Culverts 7 Canal Outlets Part Iii : Hydrology 1 Hydrology 2 Reservoirs and Dam Planning 3 Earth and rockfill dams 4 Irrigation Water Requirement and Crops 5 Arch Buttress Dams 6 Discharge Facilities 7 Water Power Engineering
700 1 _aSharma, T K.
942 _cBK
999 _c12951
_d12951